Culture Générale - Série 951 - Statistiques

Statistiques générales
  • Ce quiz a été pris 119 fois
  • Le résultat moyen est 4 sur 10
Statistiques - réponses
Question Réponse % Correct
Quel mot anglais, abréviation de "fanatique", désigne un admirateur enthousiaste ? fan
94%
Quelle grande ville bretonne a été dévastée par un terrible incendie en 1720 ? Rennes
78%
Sous quel pseudonyme Maurice De Bevere a-t-il signé les aventures de Lucky Luke ? Morris
52%
En quelle année le métro a-t-il circulé pour la première fois à Paris ? 1900
46%
De quel État américain la ville d'Albany est-elle la capitale ? New York
42%
Dans quel pays se trouve le mont Logan qui culmine à 5 959 mètres ? Canada
39%
Dans la mythologie romaine, quel est le nom de la déesse du Mariage ? Junon
26%
Quelle est est la capitale de l'archipel portugais de Madère ? Funchal
24%
Complétez le titre du roman de Jules Verne "Les cinq cents millions de la .... Bégum
8%
Selon Victor Hugo, “L'enfer est tout entier dans ce mot” ; de quel mot s'agit-il ? solitude
5%
Aucun quiz correspondant
Distribution des résultats
% des personnes avec chaque résultat
Percentile par nombre de réponses
Votre historique - résultats
Vous n’avez pas pris ce quiz